| 000 | 01519nam a22002417a 4500 | ||
|---|---|---|---|
| 003 | OSt | ||
| 005 | 20210312152009.0 | ||
| 008 | 210312s1981 sp ao||gr|||| 00| 0 spa d | ||
| 020 | _a8471384361 | ||
| 040 |
_aCO-JMCR _cCO-JMCR |
||
| 041 | 0 | _aspa | |
| 082 | 0 | 4 |
_a726.6 / _bP438c _223 |
| 100 | 1 |
_aPérez López, Julián, _eautor _936008 |
|
| 245 | 1 | 3 |
_aLa Catedral de Burgos / _cJulián Pérez López sacristán-guía |
| 250 | _a8.° edición | ||
| 260 |
_aMolinillo : _bBurgos, _c1981 |
||
| 300 |
_a79 páginas : _bilustraciones y fotografías a color ; _c18 cm. |
||
| 505 | 0 | _aBurgos -- Las catedrales burgalesas -- La catedral de Burgos -- Fachada principal -- Catedral iluminada -- Las puertas de la catedral -- Puerta del Sarmental -- Interior del templo -- Puerta del Claustro y Capilla de la visitación -- Capilla de la Presentación -- Capilla del Santo Cristo -- Capilla de Santa Tecla -- Capilla de Santa Ana -- Escalera Dorada -- Artistas famosos -- Trasaltar -- Capilla del Condestable -- Claustro -- Capilla del Corpus Christi y Santa Catalina -- Capilla de San Juan Bautista -- Tapicería -- Códices y manuscritos -- Pinturas -- Esculturas -- Orfebrería -- Capilla Mayor -- El Coro -- Crucero -- Estrella de Crucero -- Triforios y Vidrieras -- Estilos de la Catedral -- Cofre del Cid -- El papamoscas -- El brasero | |
| 650 | 1 | 4 |
_aCatedral _zEspaña _936009 |
| 650 | 2 | 4 |
_aEdificios religiosos _zBurgos (España) _936010 |
| 650 | 2 | 4 |
_aArquitectura religiosa _zBurgos (España) _936011 |
| 942 |
_2ddc _cBK |
||
| 999 |
_c15357 _d15357 |
||